<?xml version="1.0" encoding="UTF-8"?>
<record
    xmlns:xsi="http://www.w3.org/2001/XMLSchema-instance"
    xsi:schemaLocation="http://www.loc.gov/MARC21/slim http://www.loc.gov/standards/marcxml/schema/MARC21slim.xsd"
    xmlns="http://www.loc.gov/MARC21/slim">

  <leader>00858nam a22003377a 4500</leader>
  <controlfield tag="003">OSt</controlfield>
  <controlfield tag="005">20140310181928.0</controlfield>
  <controlfield tag="008">130720t        xxu||||| |||| 00| 0 eng d</controlfield>
  <datafield tag="050" ind1=" " ind2=" ">
    <subfield code="a">LB 1573 .</subfield>
    <subfield code="b">Sc416lbs1a 2000</subfield>
  </datafield>
  <datafield tag="082" ind1=" " ind2=" ">
    <subfield code="a">TRE 428.4076s </subfield>
    <subfield code="b">Sci2b 2000</subfield>
  </datafield>
  <datafield tag="245" ind1=" " ind2=" ">
    <subfield code="a">Decodable takehome books. Level B Set 1.</subfield>
    <subfield code="c">Science Research Associates.  </subfield>
  </datafield>
  <datafield tag="260" ind1=" " ind2=" ">
    <subfield code="a">Colombus, Ohio:</subfield>
    <subfield code="b">SRA/McGraw-Hill, </subfield>
    <subfield code="c">c2000.  </subfield>
  </datafield>
  <datafield tag="300" ind1=" " ind2=" ">
    <subfield code="a">198 p. ;</subfield>
    <subfield code="b">ill.;</subfield>
    <subfield code="c">28 cm.</subfield>
  </datafield>
  <datafield tag="521" ind1=" " ind2=" ">
    <subfield code="a">Faculty.</subfield>
  </datafield>
  <datafield tag="541" ind1=" " ind2=" ">
    <subfield code="j">1</subfield>
  </datafield>
  <datafield tag="541" ind1=" " ind2=" ">
    <subfield code="j">2</subfield>
  </datafield>
  <datafield tag="541" ind1=" " ind2=" ">
    <subfield code="j">3</subfield>
  </datafield>
  <datafield tag="541" ind1=" " ind2=" ">
    <subfield code="j">4</subfield>
  </datafield>
  <datafield tag="541" ind1=" " ind2=" ">
    <subfield code="j">5</subfield>
  </datafield>
  <datafield tag="541" ind1=" " ind2=" ">
    <subfield code="j">6</subfield>
  </datafield>
  <datafield tag="541" ind1=" " ind2=" ">
    <subfield code="j">7</subfield>
  </datafield>
  <datafield tag="541" ind1=" " ind2=" ">
    <subfield code="j">8</subfield>
  </datafield>
  <datafield tag="541" ind1=" " ind2=" ">
    <subfield code="j">9</subfield>
  </datafield>
  <datafield tag="541" ind1=" " ind2=" ">
    <subfield code="j">10</subfield>
  </datafield>
  <datafield tag="541" ind1=" " ind2=" ">
    <subfield code="j">11</subfield>
  </datafield>
  <datafield tag="541" ind1=" " ind2=" ">
    <subfield code="j">12</subfield>
  </datafield>
  <datafield tag="541" ind1=" " ind2=" ">
    <subfield code="j">13</subfield>
  </datafield>
  <datafield tag="541" ind1=" " ind2=" ">
    <subfield code="j">14</subfield>
  </datafield>
  <datafield tag="562" ind1=" " ind2=" ">
    <subfield code="e">14</subfield>
  </datafield>
  <datafield tag="942" ind1=" " ind2=" ">
    <subfield code="2">lcc</subfield>
    <subfield code="c">BK-TR</subfield>
    <subfield code="k">TRE</subfield>
  </datafield>
  <datafield tag="999" ind1=" " ind2=" ">
    <subfield code="c">7236</subfield>
    <subfield code="d">7236</subfield>
  </datafield>
  <datafield tag="952" ind1=" " ind2=" ">
    <subfield code="0">0</subfield>
    <subfield code="1">0</subfield>
    <subfield code="2">lcc</subfield>
    <subfield code="4">0</subfield>
    <subfield code="a">LUX</subfield>
    <subfield code="b">LUX</subfield>
    <subfield code="c">TR</subfield>
    <subfield code="d">2013-07-20</subfield>
    <subfield code="l">0</subfield>
    <subfield code="o">LB 1573 .Sc416lbs1a 2000</subfield>
    <subfield code="p">12683</subfield>
    <subfield code="r">2013-08-13 00:00:00</subfield>
    <subfield code="t">1</subfield>
    <subfield code="w">2013-07-20</subfield>
    <subfield code="y">BK</subfield>
  </datafield>
  <datafield tag="952" ind1=" " ind2=" ">
    <subfield code="0">0</subfield>
    <subfield code="1">0</subfield>
    <subfield code="2">lcc</subfield>
    <subfield code="4">0</subfield>
    <subfield code="a">LUX</subfield>
    <subfield code="b">LUX</subfield>
    <subfield code="c">TR</subfield>
    <subfield code="d">2013-07-20</subfield>
    <subfield code="l">0</subfield>
    <subfield code="o">LB 1573 .Sc416lbs1a 2000</subfield>
    <subfield code="p">12684</subfield>
    <subfield code="r">2013-08-13 00:00:00</subfield>
    <subfield code="t">2</subfield>
    <subfield code="w">2013-07-20</subfield>
    <subfield code="y">BK</subfield>
  </datafield>
  <datafield tag="952" ind1=" " ind2=" ">
    <subfield code="0">0</subfield>
    <subfield code="1">0</subfield>
    <subfield code="2">lcc</subfield>
    <subfield code="4">0</subfield>
    <subfield code="a">LUX</subfield>
    <subfield code="b">LUX</subfield>
    <subfield code="c">TR</subfield>
    <subfield code="d">2013-07-20</subfield>
    <subfield code="l">0</subfield>
    <subfield code="o">LB 1573 .Sc416lbs1a 2000</subfield>
    <subfield code="p">12695</subfield>
    <subfield code="r">2013-08-13 00:00:00</subfield>
    <subfield code="t">3</subfield>
    <subfield code="w">2013-07-20</subfield>
    <subfield code="y">BK</subfield>
  </datafield>
  <datafield tag="952" ind1=" " ind2=" ">
    <subfield code="0">0</subfield>
    <subfield code="1">0</subfield>
    <subfield code="2">lcc</subfield>
    <subfield code="4">0</subfield>
    <subfield code="a">LUX</subfield>
    <subfield code="b">LUX</subfield>
    <subfield code="c">TR</subfield>
    <subfield code="d">2013-07-20</subfield>
    <subfield code="l">0</subfield>
    <subfield code="o">LB 1573 .Sc416lbs1a 2000</subfield>
    <subfield code="p">12694</subfield>
    <subfield code="r">2013-08-13 00:00:00</subfield>
    <subfield code="t">4</subfield>
    <subfield code="w">2013-07-20</subfield>
    <subfield code="y">BK</subfield>
  </datafield>
  <datafield tag="952" ind1=" " ind2=" ">
    <subfield code="0">0</subfield>
    <subfield code="1">0</subfield>
    <subfield code="2">lcc</subfield>
    <subfield code="4">0</subfield>
    <subfield code="a">LUX</subfield>
    <subfield code="b">LUX</subfield>
    <subfield code="c">TR</subfield>
    <subfield code="d">2013-07-20</subfield>
    <subfield code="l">0</subfield>
    <subfield code="o">LB 1573 .Sc416lbs1a 2000</subfield>
    <subfield code="p">12692</subfield>
    <subfield code="r">2013-08-13 00:00:00</subfield>
    <subfield code="t">5</subfield>
    <subfield code="w">2013-07-20</subfield>
    <subfield code="y">BK</subfield>
  </datafield>
  <datafield tag="952" ind1=" " ind2=" ">
    <subfield code="0">0</subfield>
    <subfield code="1">0</subfield>
    <subfield code="2">lcc</subfield>
    <subfield code="4">0</subfield>
    <subfield code="a">LUX</subfield>
    <subfield code="b">LUX</subfield>
    <subfield code="c">TR</subfield>
    <subfield code="d">2013-07-20</subfield>
    <subfield code="l">0</subfield>
    <subfield code="o">LB 1573 .Sc416lbs1a 2000</subfield>
    <subfield code="p">12691</subfield>
    <subfield code="r">2013-08-13 00:00:00</subfield>
    <subfield code="t">6</subfield>
    <subfield code="w">2013-07-20</subfield>
    <subfield code="y">BK</subfield>
  </datafield>
  <datafield tag="952" ind1=" " ind2=" ">
    <subfield code="0">0</subfield>
    <subfield code="1">0</subfield>
    <subfield code="2">lcc</subfield>
    <subfield code="4">0</subfield>
    <subfield code="a">LUX</subfield>
    <subfield code="b">LUX</subfield>
    <subfield code="c">TR</subfield>
    <subfield code="d">2013-07-20</subfield>
    <subfield code="l">0</subfield>
    <subfield code="o">LB 1573 .Sc416lbs1a 2000</subfield>
    <subfield code="p">12690</subfield>
    <subfield code="r">2013-08-13 00:00:00</subfield>
    <subfield code="t">7</subfield>
    <subfield code="w">2013-07-20</subfield>
    <subfield code="y">BK</subfield>
  </datafield>
  <datafield tag="952" ind1=" " ind2=" ">
    <subfield code="0">0</subfield>
    <subfield code="1">0</subfield>
    <subfield code="2">lcc</subfield>
    <subfield code="4">0</subfield>
    <subfield code="a">LUX</subfield>
    <subfield code="b">LUX</subfield>
    <subfield code="c">TR</subfield>
    <subfield code="d">2013-07-20</subfield>
    <subfield code="l">0</subfield>
    <subfield code="o">LB 1573 .Sc416lbs1a 2000</subfield>
    <subfield code="p">12689</subfield>
    <subfield code="r">2013-08-13 00:00:00</subfield>
    <subfield code="t">8</subfield>
    <subfield code="w">2013-07-20</subfield>
    <subfield code="y">BK</subfield>
  </datafield>
  <datafield tag="952" ind1=" " ind2=" ">
    <subfield code="0">0</subfield>
    <subfield code="1">0</subfield>
    <subfield code="2">lcc</subfield>
    <subfield code="4">0</subfield>
    <subfield code="a">LUX</subfield>
    <subfield code="b">LUX</subfield>
    <subfield code="c">TR</subfield>
    <subfield code="d">2013-07-20</subfield>
    <subfield code="l">0</subfield>
    <subfield code="o">LB 1573 .Sc416lbs1a 2000</subfield>
    <subfield code="p">12688</subfield>
    <subfield code="r">2013-08-13 00:00:00</subfield>
    <subfield code="t">9</subfield>
    <subfield code="w">2013-07-20</subfield>
    <subfield code="y">BK</subfield>
  </datafield>
  <datafield tag="952" ind1=" " ind2=" ">
    <subfield code="0">0</subfield>
    <subfield code="1">0</subfield>
    <subfield code="2">lcc</subfield>
    <subfield code="4">0</subfield>
    <subfield code="a">LUX</subfield>
    <subfield code="b">LUX</subfield>
    <subfield code="c">TR</subfield>
    <subfield code="d">2013-07-20</subfield>
    <subfield code="l">0</subfield>
    <subfield code="o">LB 1573 .Sc416lbs1a 2000</subfield>
    <subfield code="p">12686</subfield>
    <subfield code="r">2013-08-13 00:00:00</subfield>
    <subfield code="t">10</subfield>
    <subfield code="w">2013-07-20</subfield>
    <subfield code="y">BK</subfield>
  </datafield>
  <datafield tag="952" ind1=" " ind2=" ">
    <subfield code="0">0</subfield>
    <subfield code="1">0</subfield>
    <subfield code="2">lcc</subfield>
    <subfield code="4">0</subfield>
    <subfield code="a">LUX</subfield>
    <subfield code="b">LUX</subfield>
    <subfield code="c">TR</subfield>
    <subfield code="d">2013-07-20</subfield>
    <subfield code="l">0</subfield>
    <subfield code="o">LB 1573 .Sc416lbs1a 2000</subfield>
    <subfield code="p">12685</subfield>
    <subfield code="r">2013-08-13 00:00:00</subfield>
    <subfield code="t">11</subfield>
    <subfield code="w">2013-07-20</subfield>
    <subfield code="y">BK</subfield>
  </datafield>
  <datafield tag="952" ind1=" " ind2=" ">
    <subfield code="0">0</subfield>
    <subfield code="1">0</subfield>
    <subfield code="2">lcc</subfield>
    <subfield code="4">0</subfield>
    <subfield code="a">LUX</subfield>
    <subfield code="b">LUX</subfield>
    <subfield code="c">TR</subfield>
    <subfield code="d">2013-07-20</subfield>
    <subfield code="l">1</subfield>
    <subfield code="m">1</subfield>
    <subfield code="o">LB 1573 .Sc416lbs1a 2000</subfield>
    <subfield code="p">12682</subfield>
    <subfield code="r">2018-04-05 00:00:00</subfield>
    <subfield code="s">2018-01-10</subfield>
    <subfield code="t">12</subfield>
    <subfield code="w">2013-07-20</subfield>
    <subfield code="y">BK</subfield>
  </datafield>
  <datafield tag="952" ind1=" " ind2=" ">
    <subfield code="0">0</subfield>
    <subfield code="1">0</subfield>
    <subfield code="2">lcc</subfield>
    <subfield code="4">0</subfield>
    <subfield code="a">LUX</subfield>
    <subfield code="b">LUX</subfield>
    <subfield code="c">TR</subfield>
    <subfield code="d">2013-07-20</subfield>
    <subfield code="l">0</subfield>
    <subfield code="o">LB 1573 .Sc416lbs1a 2000</subfield>
    <subfield code="p">12696</subfield>
    <subfield code="r">2013-08-13 00:00:00</subfield>
    <subfield code="t">13</subfield>
    <subfield code="w">2013-07-20</subfield>
    <subfield code="y">BK</subfield>
  </datafield>
  <datafield tag="952" ind1=" " ind2=" ">
    <subfield code="0">0</subfield>
    <subfield code="1">0</subfield>
    <subfield code="2">lcc</subfield>
    <subfield code="4">0</subfield>
    <subfield code="a">LUX</subfield>
    <subfield code="b">LUX</subfield>
    <subfield code="c">TR</subfield>
    <subfield code="d">2013-07-20</subfield>
    <subfield code="l">0</subfield>
    <subfield code="o">LB 1573 .Sc416lbs1a 2000</subfield>
    <subfield code="p">12693</subfield>
    <subfield code="r">2013-08-13 00:00:00</subfield>
    <subfield code="t">14</subfield>
    <subfield code="w">2013-07-20</subfield>
    <subfield code="y">BK</subfield>
  </datafield>
  <datafield tag="952" ind1=" " ind2=" ">
    <subfield code="0">0</subfield>
    <subfield code="1">0</subfield>
    <subfield code="2">lcc</subfield>
    <subfield code="4">0</subfield>
    <subfield code="a">LUX</subfield>
    <subfield code="b">LUX</subfield>
    <subfield code="c">TR</subfield>
    <subfield code="d">2013-07-20</subfield>
    <subfield code="l">0</subfield>
    <subfield code="o">LB 1573 .Sc416lbs1a 2000</subfield>
    <subfield code="p">12687</subfield>
    <subfield code="r">2013-08-13 00:00:00</subfield>
    <subfield code="t">15</subfield>
    <subfield code="w">2013-07-20</subfield>
    <subfield code="y">BK</subfield>
  </datafield>
</record>
